Представление документа в формате RUSMARC

ПолеНазваниеЗначение
  Тип записи a
  Библиографический уровень m
001 Контрольный номер RU/IS/BASE/513705981
005 Дата корректировки 20201206205008.3
100 Данные общей обработки __
a Данные общей обработки 19161101d20152015||| 0rusy0189 ca
101 Язык документа 1_
a Язык текста rus
c Язык оригинала eng
102 Страна публикации __
a Страна публикации ru|
105 Кодированные данные (монография) __
a Кодированные данные (монография) ||||||||000zy
200 Заглавие и сведения об ответственности 1_
a Заглавие Темная вода
e Сведения, относящиеся к заглавию [роман : в 2 кн. : 16+]
f Первые сведения об ответственности Рейчел Уорд ; [перевод с английского И. Иванова]
b Общее обозначение материала Текст
210 Выходные данные __
a Место издания Санкт-Петербург
c Издательство Азбука
d Дата издания 2015
215 Физическое описание __
a Объем 2 кн.
225 Серия __
a Серия Lady Fantasy
330 Аннотация __
a Аннотация Вам наверняка знакома сила воды. Что, если кто-нибудь получит власть над этой силой и заставит воду служить темным целям?
333 Примечание о целевом назначении __
a Примечание о целевом назначении 16+. Для детей старше 16 лет
606 Тематические рубрики __
a Основная рубрика Художественная литература
606 Тематические рубрики __
a Основная рубрика Литература Европы (произведения)
y Географическая подрубрика Англия
y Географическая подрубрика Великобритания
610 Ключевые слова __
a Ключевые слова английская литература
a Ключевые слова зарубежная литература
a Ключевые слова иностранная литература
a Ключевые слова тема мести
a Ключевые слова тема мистики
a Ключевые слова тема смерти
686 Индексы других классификаций __
2 Код системы rubbks
a Классификационный индекс 84(4Вел)6-445; ст84(4Вел)-4
700 Автор _1
a Фамилия Уорд
b Имя Р.
c Титул (звания) Рейчел
f Даты 1964-
4 Код отношения 070
702 Вторичная интеллектуальная ответственность _1
a Фамилия Иванов
b Имя И.
4 Код отношения Переводчик
4 Код отношения 730
801 Источник записи _0
a Страна ru
b Организация Муниципальное бюджетное учреждение культуры "Централизованная библиотечная система" г. Сургут (Центральная городская библиотека им. А. С. Пушкина)
c Дата составления 20161101
g Правила каталогизации КиК/Апакова; КиК/Коробейникова
801 Источник записи _1
a Страна ru
b Организация Муниципальное бюджетное учреждение культуры "Централизованная библиотечная система" г. Сургут (Центральная городская библиотека им. А. С. Пушкина)
c Дата составления 20161101
g Правила каталогизации КиК/Апакова; КиК/Коробейникова
852 Данные о местонахождении __
j Шифр хранения 84(4Вел)6-445
i Авторский знак У 64
901 Тип документа __
t Тип документа v
903 Характеристики (МАРС) __
a Дата передачи 20161101; 20160411